Historia militar de la Revolución Mexicana en la época maderista /

Bibliographic Details
Main Author: Sánchez Lamego, Miguel A., 1897-
Format: Book
Language:Spanish
Published: México : [Instituto Nacional de Estudios Históricos de la Revolución Mexicana], 1976-1977.
Series:Biblioteca del Instituto Nacional de Estudios Históricos de la Revolución Mexicana ; 67.
Subjects:

MARC

Tag First Indicator Second Indicator Subfields
LEADER 00000cam a2200000 i 4500
001 in00001764021
005 20190207100650.0
008 770816m19761977mx f000 0 spa
010 |a  77475964  
035 |a (OCoLC)ocm03293937 
040 |a DLC  |c DLC  |d EL$  |d TXA  |d UtOrBLW 
043 |a n-mx--- 
049 |a TXAM 
050 0 0 |a F1234  |b .S1843 
090 |a F1234  |b .S1843 1976 
100 1 |a Sánchez Lamego, Miguel A.,  |d 1897- 
245 1 0 |a Historia militar de la Revolución Mexicana en la época maderista /  |c Miguel A. Sánchez Lamego. 
264 1 |a México :  |b [Instituto Nacional de Estudios Históricos de la Revolución Mexicana],  |c 1976-1977. 
300 |a 3 volumes ;  |c 24 cm. 
336 |a text  |b txt  |2 rdacontent 
337 |a unmediated  |b n  |2 rdamedia 
338 |a volume  |b nc  |2 rdacarrier 
490 1 |a Biblioteca del Instituto Nacional de Estudios Históricos de la Revolucion Mexicana ;  |v 67 
500 |a The Cushing Library/Chapman Texas Collection copy is part of the Floyd & Louise Chapman Texas & Borderlands Collection.  |5 TXA 
500 |a Volume 2 has also special title: Historia militar de los movimientos rebeldes habidos de junio de 1911 a febrero de 1913. 
580 |a Part of the Mexican Revolution Collection. 
651 0 |a Mexico  |x History  |y 1910-1946. 
651 0 |a Mexico  |x History, Military. 
600 1 0 |a Madero, Francisco I.,  |d 1873-1913. 
651 4 |a México  |x Historia militar. 
830 0 |a Biblioteca del Instituto Nacional de Estudios Históricos de la Revolución Mexicana ;  |v 67. 
994 |a E0  |b TXA 
948 |a cataloged  |b h  |c 2003/8/4  |d c  |e nrodrigu  |f 8:46:26 am 
999 |a MARS 
999 f f |s f28c70d5-8e4d-33d2-80d2-bfacc96e435c  |i 398cfc77-3705-37c6-b157-a2b28a3210f6  |t 0 
952 f f |p noncirc  |a Texas A&M University  |b College Station  |c Cushing Memorial Library & Archives  |d Cushing: Chapman Texas Collection (Does not check out)  |t 0  |e F1234 .S1843 1976  |h Library of Congress classification  |i unmediated -- volume  |k t.2 
952 f f |p noncirc  |a Texas A&M University  |b College Station  |c Cushing Memorial Library & Archives  |d Cushing: Chapman Texas Collection (Does not check out)  |t 0  |e F1234 .S1843 1976  |h Library of Congress classification  |i unmediated -- volume  |k t.3 
952 f f |p noncirc  |a Texas A&M University  |b College Station  |c Cushing Memorial Library & Archives  |d Cushing: Chapman Texas Collection (Does not check out)  |t 0  |e F1234 .S1843 1976  |h Library of Congress classification  |i unmediated -- volume  |k t.1 
998 f f |a F1234 .S1843 1976  |s t.1-t.3  |t 0  |l Cushing: Chapman Texas Collection (Does not check out)